Essentials of Strategic Mgt (Record no. 1515)

MARC details
000 -LEADER
fixed length control field 00441nam a22001697a 4500
005 - DATE AND TIME OF LATEST TRANSACTION
control field 20211106102038.0
008 - FIXED-LENGTH DATA ELEMENTS--GENERAL INFORMATION
fixed length control field 160524b xxu||||| |||| 00| 0 eng d
020 ## - INTERNATIONAL STANDARD BOOK NUMBER
ISBN 81-203-2511-7
041 ## - LANGUAGE CODE
Language code of text/sound track or separate title eng
082 ## - DEWEY DECIMAL CLASSIFICATION NUMBER
Item number 4513
Classification number 658.4012
100 ## - MAIN ENTRY--AUTHOR NAME
Personal name Hunger, J. David & Wheelen, Thomas L.
245 ## - TITLE STATEMENT
Title Essentials of Strategic Mgt
260 ## - PUBLICATION, DISTRIBUTION, ETC. (IMPRINT)
Place of publication New Delhi
Name of publisher Academic Faundation
300 ## - PHYSICAL DESCRIPTION
Number of Pages 186p,
650 ## - SUBJECT ADDED ENTRY--TOPICAL TERM
Topical Term Management
942 ## - ADDED ENTRY ELEMENTS (KOHA)
Koha item type Books
Holdings
Lost status Damaged status Home library Current library Shelving location Date acquired Cost, normal purchase price Full call number Accession Number Koha item type Collection code Source of acquisition
    JRU Library   SHELF-30-F 24/05/2016 150.00 658.4012 4513 Books    
    JRU Library   WR-1 F 24/05/2016 150.00 658.4012 4514 Books    
    JRU Library JRU Library SHELF-64-M 24/05/2016 150.00 658.4012 4515 Books MANAGEMENT PURCHASE
    JRU Library JRU Library SHELF-64-M 24/05/2016 150.00 658.4012 4516 Books MANAGEMENT  
    JRU Library JRU Library SHELF-64-M 24/05/2016 150.00 658.4012 4517 Books MANAGEMENT